00761 2200289 4500001002100000005001500021035002000036007000300056040001700059245003300076250001000109300004000119020002200159041000800181082001100189084001700200090002200217264003400239336002100273337003000294338002300324650001600347700003400363850001000397008004100407990002300448INLIS00000000000932420260422084648 a0010-1122000283ta aSBPUPADbind aDunia Sahabat /cHasbi Salim aCet.1 a128 hlm. :bilus. ;c11.5 x 17.5 cm a978-979-26-2266-90 bind a398.27 a920.71 LAN h a920.71 LAN h 26-1 aJakarta :bZikrul Kids,c2007 2rdacontentateks 2rdamediaatanpa perantara 2rdacarrieravolume 4aBuku Cerita0 aPenyunting , MirnaePengarang aPUPAD260422 1  a17854/Br/KAPD/2012